| 000 | 00877nas a2200313 4500 | ||
|---|---|---|---|
| 001 | BR9100607 | ||
| 003 | BR-BrBNA | ||
| 005 | 20231205091918.0 | ||
| 007 | ta | ||
| 008 | 230509b bl.|||p| |||| 00| 00por d | ||
| 040 |
_aBR-BrBNA _bpor _cBiblioteca Nacional de Agricultura |
||
| 041 | _a(Pt) | ||
| 072 | _aE70; U10 | ||
| 100 | 1 | _aBrandt, S.A. | |
| 100 | 1 | _aResende, J.C. | |
| 100 | 1 | _aBotelho, F. | |
| 245 | 1 | _aA funcao de oferta de estocagem: uma avaliacao empirica [arroz, Rio Grande do Sul] | |
| 650 | _aARROZ | ||
| 650 | _aESTOCAGEM | ||
| 650 | _aABASTECIMENTO | ||
| 650 | _aMERCADO | ||
| 650 | _aOFERTA | ||
| 650 | _aPRECO | ||
| 650 | _aMODELO MATEMATICO | ||
| 650 | _aRIO GRANDE DO SUL | ||
| 773 | 0 |
_tSeiva (Brazil) _xISSN 0037-1122 _g(Jan-Dec 1988), v. 48(98) p. 10-15 _wBR9100607 |
|
| 909 |
_a202311 _bLúcia _c55 _dLúcia Elande |
||
| 942 |
_2AGRIS _n0 _cANA |
||
| 999 |
_c128102 _d128102 |
||